| 000 | 00679nam a2200241Ia 4500 | ||
|---|---|---|---|
| 005 | 20260430150659.0 | ||
| 008 | 008 250103s9999 xx 000 0 eng d | ||
| 037 | _aTheses | ||
| 040 | _aCRL | ||
| 040 | _beng | ||
| 040 | _ceng | ||
| 041 | _2eng | ||
| 041 | _aeng | ||
| 084 | _qCRL | ||
| 100 |
_aThapliyal Stuti Au.; Sachidanand Unita Gu. _91238194 |
||
| 245 | 0 | _aCaught in the Cross-Fire: Women’s Problems as seen in Yoko Ota’s "City of Corpses" | |
| 260 | _c2024 | ||
| 300 | _a160p. | ||
| 650 | _aEast Asia - History | ||
| 700 | _aUniversity of Delhi. Faculty of Social Sciences. Deptt. of East Asian Studies | ||
| 942 | _cTH | ||
| 999 |
_c1850372 _d1850372 |
||